Culture Générale - Épisode 3 - Statistiques

Statistiques générales
  • Ce quiz a été pris 200 fois
  • Le résultat moyen est 12 sur 20
Statistiques - réponses
Question Réponse % Correct
À quel animal appartiennent les races telles que le Chartreux, le Maine Coon, le Siamois ou l'Angora turc ? Chat
98%
Quel pays frontalier de la France a pour drapeau trois bandes verticales de couleurs noire, jaune et rouge dans l'ordre ? Belgique
97%
Dans Les Simpson, comment s'appelle le père de Bart, Maggie et Lisa ? Homer
96%
À quel pays était opposée la France lors du conflit qui a éclaté le 19 juillet 1870 ? Allemagne / Prusse
90%
Dans quel jeu vidéo doit-on placer des blocs de 4 carrés de formes différentes afin de créer des lignes horizontales ? Tetris
90%
Sorti en novembre 1982, quel album de Michael Jackson est l'album le plus vendu de tous les temps, avec des ventes estimées à 70 millions d'exemplaires dans le monde ? Thriller
83%
Avec le sucre, quel autre ingrédient entre dans la composition de la meringue ? Blanc d'œuf
79%
Quel est le nom de famille des pongistes français qui sont devenus champions d'Europe de tennis de table en double en 2024 ? Lebrun
79%
Quelle romancière britannique a créé les personnages d'Hercule Poirot et Miss Marple ? Agatha Christie
71%
Quel artiste était chanteur et pianiste au sein du groupe Queen jusqu'en 1991 ? Freddie Mercury
69%
Quel est le seul département français qui est également une ville ? Paris
62%
Quelle rivière au nom de 3 lettres prend sa source dans les Alpes suisses, traverse l'Autriche et se jette dans le Danube en Allemagne ? L'Inn
44%
Quelle actrice belge, naturalisée française en 2015, est à l'affiche des films Victoria, Le Grand Bain et Adieu les cons ? Virginie Efira
40%
Quel tennisman italien a remporté l'Open d'Australie en 2024 et en 2025 ? Jannik Sinner
39%
De quelle île le dodo est-il un emblême ? L'île Maurice
39%
Quel peintre néerlandais a peint La jeune fille à la perle, La laitière ou encore L'astronome ? Johannes Vermeer
35%
Quel acteur, mort prématurément, a remporté le César du meilleur espoir masculin pour le film "Un long dimanche de fiançailles" ? Gaspard Ulliel
22%
Quelle chanteuse cap-verdienne était surnommé la "Diva aux pieds nus" ? Césaria Evora
19%
De quel pays Claudia Sheinbaum est-elle la présidente ? Mexique
15%
Quel écrivain français a remporté le prix Goncourt en 2018 pour son roman "Leurs enfants après eux" ? Nicolas Mathieu
5%
Aucun quiz correspondant
Distribution des résultats
% des personnes avec chaque résultat
Percentile par nombre de réponses
Votre historique - résultats
Vous n’avez pas pris ce quiz